Catálogo
 En Linea

Obras completas para la guitarra clásica / (Registro nro. 52109)

Detalles MARC
000 -CABECERA
campo de control de longitud fija 01080nam a22002777a 4500
003 - IDENTIFICADOR DEL NÚMERO DE CONTROL
campo de control DO-SdBNP
005 - FECHA Y HORA DE LA ÚLTIMA TRANSACCIÓN
campo de control 20220628101126.0
007 - CAMPO FIJO DE DESCRIPCIÓN FÍSICA--INFORMACIÓN GENERAL
campo de control de longitud fija ta
008 - DATOS DE LONGITUD FIJA--INFORMACIÓN GENERAL
campo de control de longitud fija 220624b2017 |||a|||f |||| 001 0 spa d
020 ## - NÚMERO INTERNACIONAL ESTÁNDAR DEL LIBRO
Número Internacional Estándar del Libro 9790580290441
040 ## - FUENTE DE LA CATALOGACIÓN
Centro catalogador/agencia de origen DO-SdBNP
Lengua de catalogación spa
Centro/agencia transcriptor BNPHU
082 4# - NÚMERO DE LA CLASIFICACIÓN DECIMAL DEWEY
Número de edición 22
Número de clasificación 787.87
Número de documento/Ítem S285o
100 1# - ENTRADA PRINCIPAL--NOMBRE DE PERSONA
Nombre de persona Scarfullery, Rafael
9 (RLIN) 74923
245 10 - MENCIÓN DE TÍTULO
Título Obras completas para la guitarra clásica /
Mención de responsabilidad, etc. Rafael Scarfullery
260 ## - PUBLICACIÓN, DISTRIBUCIÓN, ETC.
Lugar de publicación, distribución, etc. Estados Unidos :
Nombre del editor, distribuidor, etc. Scarfullery Music, LLC,
Fecha de publicación, distribución, etc. 2017.
300 ## - DESCRIPCIÓN FÍSICA
Extensión 2 v. :
Otras características físicas il. :
Dimensiones 28 cm
500 ## - NOTA GENERAL
Nota general Incluye 2 volumenes.
500 ## - NOTA GENERAL
Nota general La portada de arte frontal es una pintura de Ralph Albert Blakelock.
505 ## - NOTA DE CONTENIDO CON FORMATO
Nota de contenido con formato V.1- A Pleasant Walk -- Caribbean Waltz -- Nostargia -- Classical Danze -- Joy. V.2. Moon Dance -- Sun Dance -- Rain Dance.
534 ## - NOTA SOBRE LA VERSIÓN ORIGINAL
Descripción física, etc. del original The front art cover is a painting by Ralph Albert Blakelock.
590 ## - NOTA LOCAL (RLIN)
Nota local Inventariado, 2022 / SA
650 40 - PUNTO DE ACCESO ADICIONAL DE MATERIA--TÉRMINO DE MATERIA
9 (RLIN) 59543
Término de materia o nombre geográfico como elemento de entrada Música
Subdivisión general Guitarra
Subdivisión de forma Métodos autodidácticos
650 40 - PUNTO DE ACCESO ADICIONAL DE MATERIA--TÉRMINO DE MATERIA
9 (RLIN) 41524
Término de materia o nombre geográfico como elemento de entrada Música para guitarra
Subdivisión general Lectura musical
-- Partituras
910 ## - DATOS DE OPCIÓN DEL USUARIO (OCLC)
Datos de opción del usuario Saquino
942 ## - ELEMENTOS DE PUNTO DE ACCESO ADICIONAL (KOHA)
Fuente del sistema de clasificación o colocación Dewey Decimal Classification
Tipo de ítem Koha Libro
Existencias
Estado de retiro Estado de pérdida Fuente del sistema de clasificación o colocación Restricciones de uso No para préstamo Código de colección Localización permanente Ubicación/localización actual Ubicación en estantería Fecha de adquisición Fuente de adquisición Signatura topográfica completa Código de barras Fecha visto por última vez Número de copia Precio válido a partir de Tipo de ítem Koha
    Dewey Decimal Classification Excluido de préstamo   General Biblioteca Nacional Pedro Henríquez Ureña Biblioteca Nacional Pedro Henríquez Ureña En catalogación 18.06.2019 Donado BNPHU GR 787.87 S285o 2022-3191 24.06.2022 V.1 24.06.2022 Libro
    Dewey Decimal Classification Excluido de préstamo   General Biblioteca Nacional Pedro Henríquez Ureña Biblioteca Nacional Pedro Henríquez Ureña En catalogación 18.06.2019 Donado BNPHU GR 787.87 S285o 2022-3193 24.06.2022 V.1, e.2 24.06.2022 Libro
    Dewey Decimal Classification Préstamo en sala   General Biblioteca Nacional Pedro Henríquez Ureña Biblioteca Nacional Pedro Henríquez Ureña En catalogación 18.06.2019 Donado BNPHU GR 787.87 S285o 2022-3194 24.06.2022 V.1, e.3 24.06.2022 Libro
    Dewey Decimal Classification Excluido de préstamo   General Biblioteca Nacional Pedro Henríquez Ureña Biblioteca Nacional Pedro Henríquez Ureña En catalogación 18.06.2019 Donado BNPHU GR 787.87 S285o 2022-3195 24.06.2022 V.2 24.06.2022 Libro
    Dewey Decimal Classification Excluido de préstamo   General Biblioteca Nacional Pedro Henríquez Ureña Biblioteca Nacional Pedro Henríquez Ureña En catalogación 18.06.2019 Donado BNPHU GR 787.87 S285o 2022-3196 24.06.2022 V.2, e.2 24.06.2022 Libro
    Dewey Decimal Classification Préstamo en sala   General Biblioteca Nacional Pedro Henríquez Ureña Biblioteca Nacional Pedro Henríquez Ureña En catalogación 18.06.2019 Donado BNPHU GR 787.87 S285o 2022-3197 24.06.2022 V.2, e.3 24.06.2022 Libro

Con tecnología Koha